| 000 | 00564nam a2200181Ia 4500 | ||
|---|---|---|---|
| 008 | 090124s9999 xx 000 0 und d | ||
| 082 | _b303217 | ||
| 100 | _aगद्रे उन्मेष | ||
| 245 | _a खजुराहोची अलका | ||
| 250 | _a1 | ||
| 260 |
_bशेष शंकर _c1996 |
||
| 300 | _a144 | ||
| 600 | _aगद्रे उन्मेष | ||
| 630 | _a खजुराहोची अलका | ||
| 700 | _aगद्रे उन्मेष | ||
| 730 | _a खजुराहोची अलका | ||
| 942 | _cBOOK | ||
| 999 |
_c192854 _d192854 |
||